Aceite de semilla de hule

Сохранить в:
Библиографические подробности
Главный автор: Obando Piedra, Isabel María
Формат: Неизвестно
Опубликовано: [San José, Costa Rica] 1979
Предметы:
Метки: Добавить метку
Нет меток, Требуется 1-ая метка записи!

MARC

LEADER 00000 a2200000 4500
003 000905
005 20221231143736.0
008 140114s1979 c a m 000 ||s d
040 |c cru CEDI 
090 |a TFG 822 
100 |a Obando Piedra, Isabel María  |9 18275 
245 |a Aceite de semilla de hule 
260 |c 1979  |a  [San José, Costa Rica] 
300 |a  124 hojas : ilustraciones ; 28 cm  
500 |a  Tesis (licenciatura en ingeniería química)--Universidad de Costa Rica.  
650 |x ACEITES Y GRASAS   |x SEMILLAS DE HULE  |9 18276 
942 |c TFG 
999 |c 11112  |d 11112